| 000 | 00649 a2200253 4500 | ||
|---|---|---|---|
| 999 |
_c16956 _d3669 |
||
| 001 | 16956 | ||
| 003 | TR-AnTOB | ||
| 005 | 20250418151548.0 | ||
| 008 | 041102s1998 tu tur | ||
| 020 | _a9754060150 | ||
| 040 |
_aTR-AnTOB _cTR-AnTOB |
||
| 041 | _atur | ||
| 050 |
_aPK6518.T8 _bE98 1998 |
||
| 090 | _aPK6518.T8 E98 1998 | ||
| 100 | 0 |
_aOmar Khayyam _913926 |
|
| 245 | 0 |
_aBütün dörtlükler / _cHayyam ; çev. Sabahattin Eyuboğlu. |
|
| 250 | _a10. bs. | ||
| 264 | 1 |
_aİstanbul : _bCem Yayınevi, _c1998 |
|
| 300 |
_a208 p. ; _c21 cm. |
||
| 700 | 1 |
_aEyuboğlu, Sabahattin, _d1908-1973 _926090 |
|
| 902 | _a0002832 | ||
| 942 |
_cBK _2lcc |
||